Basketball-Weltmeister der Herren - Statistiken

Allgemein
  • Dieses Quiz wurde 1.026 mal gespielt
    831 seit der letzten Aktualisierung
  • Das Durchschnittsergebnis liegt bei 13 aus 18
Antwortstatistiken
Jahr Weltmeister % Korrekt
1954 Vereinigte Staaten
100%
1986 Vereinigte Staaten
100%
1994 Vereinigte Staaten
100%
2010 Vereinigte Staaten
100%
2014 Vereinigte Staaten
100%
2006 Spanien
90%
2019 Spanien
90%
1967 Sowjetunion
59%
1974 Sowjetunion
59%
1982 Sowjetunion
59%
1950 Argentinien
55%
1959 Brasilien
54%
1963 Brasilien
54%
1970 Jugoslawien
50%
1978 Jugoslawien
50%
1990 Jugoslawien
50%
1998 Jugoslawien
50%
2002 Jugoslawien
50%
Keine übereinstimmenden Quizze gefunden
Verteilung der Resultate
Anzahl Personen mit jedem Resultat
Perzentil nach korrekt beantworteten Fragen
Ihre Resultats-Entwicklung
Sie haben dieses Quiz seit der letzten Aktualisierung nicht gespielt